Factorial Quiz - Statistics

General Stats
  • This quiz has been taken 35 times
  • The average score is 10 of 11
Answer Stats
n n! % Correct
0 1
100%
1 1
100%
5 120
100%
2 2
100%
4 24
100%
3 6
100%
6 720
97%
7 5040
84%
8 40320
81%
9 362880
77%
10 3628800
77%
No matching quizzes found
Score Distribution
Percent of People with Each Score
Percentile by Number Answered
Your Score History
You have not taken this quiz